Hiraganaあ - Statistics

General Stats
  • This quiz has been taken 514 times
  • The average score is 15 of 20
Answer Stats
Hiragana Romaji % Correct
e
83%
i
83%
n
83%
ku
82%
shi
82%
to
82%
u
82%
no
81%
a
80%
fu
80%
ko
80%
tsu
79%
hi
78%
ki
78%
o
78%
ya
78%
ka
77%
ma
76%
na
76%
ra
76%
ru
76%
te
76%
sa
75%
chi
74%
su
74%
yu
73%
ha
72%
mi
72%
so
72%
ta
72%
re
70%
yo
69%
mu
68%
he
67%
ni
67%
ro
67%
ri
66%
se
66%
ho
65%
ke
65%
me
63%
wa
63%
mo
62%
wo
61%
ne
60%
nu
59%
No matching quizzes found
Score Distribution
Percent of People with Each Score
Percentile by Number Answered
Your Score History
You have not taken this quiz